000 00538cam a22002291 4500
001 ne 66000971
003 DLC
005 20260227111823.0
008 881209s1965 xx 000 0 ara
010 _ane 66000971
035 _a(OCoLC)23515071
040 _aDLC
_cMiU
_dDLC
042 _apremarc
043 _aa-iq---
050 0 0 _aLA1466
_b.S5
100 1 _aShūbakī, ʻAlī.
245 1 3 _aal-Madrasah wa-al-tarbiyah.
260 _c[1965]
300 _a167 p.
_c24 cm.
500 _aRomanized.
650 0 _aEducation
_zIraq.
999 _c48917
_d48917